Lịch sử văn học Lào Thời kì vương quốc Lào Lạn Xạng T.2 Thời kì vương quốc Lào Lạn Xạng
.
Сохранить в:
| Главный автор: | |
|---|---|
| Другие авторы: | |
| Формат: | |
| Язык: | Vietnamese |
| Опубликовано: |
H.
Nxb. Giáo dục
2001
|
| Предметы: | |
| Метки: |
Добавить метку
Нет меток, Требуется 1-ая метка записи!
|
| Thư viện lưu trữ: | Mạng thư viện Đại học Đà Nẵng |
|---|
| LEADER | 01146nam a2200337 4500 | ||
|---|---|---|---|
| 001 | 000004592 | ||
| 003 | 731 | ||
| 005 | 20121008141054.0 | ||
| 008 | 110727s2001 viesd | ||
| 020 | |c 16000 | ||
| 041 | 0 | |a vie | |
| 082 | |a 895 |b BO-V | ||
| 100 | 0 | |a Bò Xẻng Khâm Vông Đa La | |
| 245 | 1 | 0 | |a Lịch sử văn học Lào |b Thời kì vương quốc Lào Lạn Xạng |c Trần Ngọc Dung (dịch) |n T.2 |p Thời kì vương quốc Lào Lạn Xạng |
| 260 | |a H. |b Nxb. Giáo dục |c 2001 | ||
| 300 | |a 202tr |c 20cm | ||
| 520 | |a . | ||
| 653 | |a Lịch sử | ||
| 653 | |a Văn học Lào | ||
| 700 | |a Trần Ngọc Dung |e Dịch | ||
| 773 | |t Lịch sử văn học Lào |w 730 | ||
| OWN | |a LSP | ||
| AVA | |a UDN50 |b LSP |d 895 BO-V |e check_holdings |t Error 5003 Not defined in file expand_doc_bib_avail. |h N |k 1 | ||
| 999 | |a From the UDN01 | ||
| AVA | |a UDN50 |b LSP |d 895 BO-V |e available |t Error 5001 Not defined in file expand_doc_bib_avail. |f 43 |g 0 |h N |i 1 |k 1 | ||
| TYP | |a Monograph | ||
| TYP | |a Printed language | ||
| 980 | |a Mạng thư viện Đại học Đà Nẵng | ||